Central Library OPAC University of Rajshahi

Legends and lyrics and other poems / (Record no. 22922)

MARC details
000 -LEADER
fixed length control field 00639nam a2200229 a 4500
001 - CONTROL NUMBER
control field 22922
003 - CONTROL NUMBER IDENTIFIER
rucl marc code BD-RjUL
005 - DATE AND TIME OF LATEST TRANSACTION
control field 20211209000854.0
008 - FIXED-LENGTH DATA ELEMENTS--GENERAL INFORMATION
fixed length control field 140309s1906 uk 000 0 eng d
035 ## - SYSTEM CONTROL NUMBER
System control number (BD-RjUL)22987
System control number (BD-RjUL)
040 ## - CATALOGING SOURCE
Original cataloging agency QTLN
Language of cataloging eng
Transcribing agency QTLN
Modifying agency BD-RjUL
041 ## - LANGUAGE CODE
Language code of text/sound track or separate title eng
082 ## - DEWEY DECIMAL CLASSIFICATION NUMBER
Classification number 823
Author mark and year PRL
100 1# - MAIN ENTRY--PERSONAL NAME
Personal name Procter, Adelaide Anne,
Dates associated with a name 1825-1864.
9 (RLIN) 70683
245 10 - TITLE STATEMENT
Title Legends and lyrics and other poems /
Statement of responsibility, etc. Adelaide Anne Procter.
260 ## - PUBLICATION, DISTRIBUTION, ETC. (IMPRINT)
Place of publication, distribution, etc. London :
Name of publisher, distributor, etc. J.M. Dent,
Date of publication, distribution, etc. 1906.
300 ## - PHYSICAL DESCRIPTION
Pagination 332 p. ;
Size 18cm.
490 0# - SERIES STATEMENT
Series statement Everyman's library ;
Volume/sequential designation no. 150
650 ## - SUBJECT ADDED ENTRY--TOPICAL TERM
Topical term or geographic name as entry element English fiction
9 (RLIN) 70684
942 ## - ADDED ENTRY ELEMENTS (KOHA)
Source of classification or shelving scheme Dewey Decimal Classification
Koha item type Books
Holdings
Lost status Source of classification or shelving scheme Damaged status Not for loan Collection code Permanent Location Current Location Shelving location Date acquired Source of acquisition Cost, normal purchase price Total Checkouts Full call number Date last seen Copy number Koha item type
  Dewey Decimal Classification   Added to bundle Fiction Central Library, University of Rajshahi Central Library, University of Rajshahi Reading Room 21/09/1955 B.H. black well 35.00   823 PRL 1906 09/03/2014 C-1 Books